000 00235nam a22001097a 4500
008 180806b xxu||||| |||| 00| 0 eng d
082 _a813.52
245 _aProfessionalism
_cGME
260 _c2005
300 _a1
_fCD
942 _2ddc
_cMX
999 _c46812
_d46812